00431nam a2200133Ia 4500008004100000100001800041245009600059245005200155260002500207260000900232300002500241650001600266650001500282170224s9999 xx 000 0 und d aSimon Hussain aJournal Rankings, Collaborative Research and Publication Strategies: Evidence from China  cSimon Hussain, Lana Liu, Yue Wang & Lingyan Zuo bAccounting Education c2015 a24:3, Pages: 233-255 xAccountancy xAccounting